| 000 | 00587nam a2200241Ia 4500 | ||
|---|---|---|---|
| 008 | 210210b2013 xxu||||| |||| 00| 0 eng d | ||
| 020 | _a9780199681693 | ||
| 041 | _aeng | ||
| 082 | _a337.142 PINE | ||
| 100 | _aPINDER (John) | ||
| 245 | _aEuropean union: a very short introduction | ||
| 260 |
_aUK _bOxford University Press _c2013 |
||
| 300 | _axxii,181 | ||
| 650 | _avery | ||
| 650 | _aunion: | ||
| 650 | _ashort | ||
| 650 | _aintroduction | ||
| 650 | _aEuropean | ||
| 650 | _aa | ||
| 690 | _aInternational Economics | ||
| 700 | _aUSHERWOOD (Simon) | ||
| 906 | _a070513 | ||
| 999 |
_c119944 _d119944 |
||